Procedures for port state control : resolution A.787(19), as amended by resolution A.882(21)

Αποθηκεύτηκε σε:
Λεπτομέρειες βιβλιογραφικής εγγραφής
Συγγραφή απο Οργανισμό/Αρχή: International Maritime Organization (Επιμελητής έκδοσης)
Μορφή: Βιβλίο
Γλώσσα:English
Δημοσίευση: London : International Maritime Organization, c2000
Έκδοση:2000 ed.
Θέματα:
Ετικέτες: Προσθήκη ετικέτας
Δεν υπάρχουν, Καταχωρήστε ετικέτα πρώτοι!

MARC

LEADER 00000nam a2200000 i 4500
001 1/89365
008 080624s2000 eng d
020 |a 978-92-801-5099-5 
020 |a 92-801-5099-5 
035 |l 10098351 
040 |a GR-MY-UA  |b gre  |e aacr 
041 0 |a eng 
082 0 |a 387  |2 (22) 
245 1 0 |a Procedures for port state control :  |b resolution A.787(19), as amended by resolution A.882(21) /  |c International Maritime Organization 
250 |a 2000 ed. 
260 |a London :   |b International Maritime Organization,   |c c2000 
300 |a vi, 116 σ.;  |c 24 εκ. 
650 0 0 |a Harbors. 
650 0 0 |a Safety regulations. 
650 0 0 |a Ships  |x Inspection. 
650 0 0 |a Ships  |x Safety regulations. 
710 2 |a International Maritime Organization.  |4 edt 
852 |a INST  |b CHIOS  |e 20080623  |h 387 PRO  |p 005200027237  |q 005200027237  |t BK  |y 0 
901 |a BIBL2-2008-2 
909 |a Χ  |b 152739 
922 |a 2ΕΛΗ  |b 200803  |c ΕΠΕΑΕΚ2/ΤΝΕΥ  |d ΕΛΕΥΘΕΡΟΥΔΑΚΗΣ 
970 |a ΒΑΡΦΗΣ  |b ΒΑΓΓΕΛΗΣ  |z 2008/06/24